Statistics for NBA Players from Gonzaga

Click here to take the quiz!

General Stats

  • This quiz has been taken 7 times
  • The average score is 9 of 21

Answer Stats

PositionPlayerDraft Year% Correct
PGJohn Stockton1984
100%
GDavid Stockton2014
100%
SGNigel Williams-Goss2017
67%
CKelly Olynyk2013
67%
PFDomantas Sabonis2016
50%
SFAdam Morrison2006
50%
PGJeremy Pargo2009
50%
FAustin Daye2009
50%
CRobert Sacre2012
50%
PFJonathan Williams2018
50%
SFElias Harris2013
50%
CZach Collins2017
50%
GDan Dickau2002
33%
PFBrandon Clarke2019
33%
PFKyle Wiltjer2016
33%
GRichie Frahm2000
17%
FCRonny Turiaf2005
17%
PFMike Champion1987
17%
SGZach Norvell2019
17%
FRui Hachimura2019
17%
CMario Kasun2002
17%

Score Distribution

Percentile by Number Answered

Percent of People with Each Score

Your Score History

You have not taken this quiz